000 00254nam a22001217a 4500
008 180817b xxu||||| |||| 00| 0 eng d
041 _aeng
080 _a94
100 _a19
101 _ahis
245 _athe reformation
_cdurabt,w
942 _2udc
_cBK
999 _c47206
_d47206